00450nam a2200181Ia 4500008004000000020001800040041000800058082001500066100001800081245004800099260004600147300001200193650001500205650000900220650001300229650001800242650000800260210210b2010 xxu||||| |||| 00| 0 eng d a9788123919010 aeng a070.1 HASM aHASAN (Seema) aMass communicationbPrinciples and concepts aNDbCBS Publishers and Distributorsc2010 axvi,844 aPrinciples aMass aconcepts acommunication aand